| 000 | 00407nam a22001577a 4500 | ||
|---|---|---|---|
| 005 | 20251108172622.0 | ||
| 008 | 250721s9999 xx 000 0 eng d | ||
| 082 | 1 | 4 | _a005.12COO |
| 100 | 1 | _aColling, J.E | |
| 245 | 1 | 0 | _aSoft ware design for real time systems / |
| 264 | 1 |
_aLondon : _bChapman and hall, |
|
| 300 | _a499 p | ||
| 650 | 1 | 7 | _aSoft ware system and design |
| 942 |
_2ddc _cBK |
||
| 999 |
_c84183 _d84183 |
||